| 000 | 00601nam a2200205Ia 4500 | ||
|---|---|---|---|
| 003 | OSt | ||
| 005 | 20230530101810.0 | ||
| 008 | 210423s2001 xx 000 0 und d | ||
| 040 | _cAL | ||
| 041 | _aeng | ||
| 082 |
_a338.9 PIED _223 |
||
| 100 |
_aPIETERSE (Jan Nederven) _9116388 |
||
| 245 | _aDevelopment theory: deconstruction or reconstructions | ||
| 260 |
_aNew Delhi _bVistaar Publication _c2001 |
||
| 365 |
_b275 _cINR |
||
| 650 |
_aEconomics _9116389 |
||
| 650 |
_aEconomics of Development _9116390 |
||
| 906 | _adeconstruction ; Development ; reconstructions ; theory: | ||
| 942 |
_2ddc _cBK |
||
| 999 |
_c173586 _d173586 |
||